000 00308nam a22001217a 4500
005 20170724122108.0
008 170724b xxu||||| |||| 00| 0 eng d
041 _aeng
100 _aGairola,Watchspati
_93879
245 _aSanskrit Sahitya ka Ithihas
260 _bChourkhamba Vidyabhwan
_cVaranasi
942 _cBK
999 _c5496
_d5494